| 000 | 01363nam a2200421 i 4500 | ||
|---|---|---|---|
| 001 | 30005 | ||
| 003 | KOSZ 005 | ||
| 005 | 20200522094749.0 | ||
| 008 | 970510s1993 pl a f |000 0 pol | ||
| 015 | _aPB 1995/6755 | ||
| 040 |
_aWA N _cWA N _dKOSZ 005/HR |
||
| 041 | 0 |
_apol _beng _brus |
|
| 046 | _k1993 | ||
| 080 | _a621.03 | ||
| 080 | _a534 | ||
| 080 | _a51 | ||
| 100 | 1 |
_aLewandowski, Roman _c(budownictwo) _eAutor |
|
| 245 | 1 | 0 |
_aOkresowe drgania konstrukcji geometrycznie nieliniowych / _cRoman Lewandowski. |
| 260 |
_aPoznań : _bWydawnictwo PP, _c1993. |
||
| 300 |
_a174 s. : _brys., wykr. ; _c24 cm. |
||
| 336 |
_2rdacontent _aTekst _btxt |
||
| 337 |
_2rdamedia _aBez urządzenia pośredniczacego _bn |
||
| 338 |
_2rdacarrier _aWolumin _bnc |
||
| 380 | _aKsiążki | ||
| 380 | _aPublikacje naukowe | ||
| 388 | _a1901-2000 | ||
| 388 | _a1989-2000 | ||
| 490 | 1 |
_aRozprawy / Politechnika Poznańska, _x0551-6528 ; _vnr 291. |
|
| 504 | _aBibliogr. s. 164-173. | ||
| 546 | _aStreszcz. ros., ang. | ||
| 650 | 4 | _aDrgania | |
| 650 | 4 | _aKonstrukcje | |
| 650 | 4 | _aModele matematyczne | |
| 658 | _aInżynieria i technika | ||
| 830 | 0 |
_aRozprawy - Politechnika Poznańska _vnr 291 |
|
| 856 |
_uhttp://koha.tu.koszalin.pl/cgi-bin/koha/opac-detail.pl?biblionumber=30005 _yKatalog online BPK |
||
| 942 |
_2UKD _cKS |
||
| 999 |
_c30005 _d30005 |
||